<?xml version="1.0" encoding="UTF-8"?>
<record
    xmlns:xsi="http://www.w3.org/2001/XMLSchema-instance"
    xsi:schemaLocation="http://www.loc.gov/MARC21/slim http://www.loc.gov/standards/marcxml/schema/MARC21slim.xsd"
    xmlns="http://www.loc.gov/MARC21/slim">

  <leader>00613nam a22001817a 4500</leader>
  <datafield tag="082" ind1=" " ind2=" ">
    <subfield code="a">358.295491</subfield>
    <subfield code="b">PAK</subfield>
    <subfield code="c">L-30-II, P-168</subfield>
  </datafield>
  <datafield tag="100" ind1=" " ind2=" ">
    <subfield code="a">Beg Mirza Aslam.,</subfield>
    <subfield code="9">37978</subfield>
  </datafield>
  <datafield tag="245" ind1=" " ind2=" ">
    <subfield code="a">History of the corps of engineers Pakistan army</subfield>
    <subfield code="b">Mirza Aslam Beg.,</subfield>
  </datafield>
  <datafield tag="260" ind1=" " ind2=" ">
    <subfield code="a">Rawalpindi :</subfield>
    <subfield code="b">The Army Press (Regd)</subfield>
    <subfield code="c">c1989.</subfield>
  </datafield>
  <datafield tag="300" ind1=" " ind2=" ">
    <subfield code="a">349 p.:</subfield>
    <subfield code="b">ill.;</subfield>
  </datafield>
  <datafield tag="526" ind1=" " ind2=" ">
    <subfield code="a">0</subfield>
    <subfield code="b">0</subfield>
    <subfield code="c">0</subfield>
    <subfield code="d">358_295491000000000_PAK</subfield>
  </datafield>
  <datafield tag="526" ind1=" " ind2=" ">
    <subfield code="a">0</subfield>
    <subfield code="b">0</subfield>
    <subfield code="c">0</subfield>
    <subfield code="d">358_295491000000000_PAK</subfield>
  </datafield>
  <datafield tag="526" ind1=" " ind2=" ">
    <subfield code="a">0</subfield>
    <subfield code="b">0</subfield>
    <subfield code="c">0</subfield>
    <subfield code="d">358_295491000000000_PAK</subfield>
  </datafield>
  <datafield tag="526" ind1=" " ind2=" ">
    <subfield code="a">0</subfield>
    <subfield code="b">0</subfield>
    <subfield code="c">0</subfield>
  </datafield>
  <datafield tag="650" ind1=" " ind2=" ">
    <subfield code="a">History of the corps of engineers </subfield>
    <subfield code="x">Pakistan Army</subfield>
    <subfield code="9">37979</subfield>
  </datafield>
  <datafield tag="650" ind1=" " ind2=" ">
    <subfield code="a">MCE</subfield>
    <subfield code="9">379</subfield>
  </datafield>
  <datafield tag="942" ind1=" " ind2=" ">
    <subfield code="2">ddc</subfield>
    <subfield code="c">BK</subfield>
  </datafield>
  <datafield tag="999" ind1=" " ind2=" ">
    <subfield code="c">542697</subfield>
    <subfield code="d">542697</subfield>
  </datafield>
  <datafield tag="952" ind1=" " ind2=" ">
    <subfield code="0">0</subfield>
    <subfield code="1">0</subfield>
    <subfield code="2">ddc</subfield>
    <subfield code="4">0</subfield>
    <subfield code="7">0</subfield>
    <subfield code="a">MCE</subfield>
    <subfield code="b">MCE</subfield>
    <subfield code="d">2014-02-11</subfield>
    <subfield code="l">2</subfield>
    <subfield code="o">358.295491 PAK</subfield>
    <subfield code="p">MCE-41139</subfield>
    <subfield code="r">2020-08-21</subfield>
    <subfield code="s">2020-04-30</subfield>
    <subfield code="w">2014-02-11</subfield>
    <subfield code="y">BK</subfield>
  </datafield>
  <datafield tag="952" ind1=" " ind2=" ">
    <subfield code="0">0</subfield>
    <subfield code="1">0</subfield>
    <subfield code="2">ddc</subfield>
    <subfield code="4">0</subfield>
    <subfield code="7">0</subfield>
    <subfield code="a">MCE</subfield>
    <subfield code="b">MCE</subfield>
    <subfield code="d">2014-02-11</subfield>
    <subfield code="l">1</subfield>
    <subfield code="o">358.295491 PAK</subfield>
    <subfield code="p">MCE-41140</subfield>
    <subfield code="r">2020-07-20</subfield>
    <subfield code="s">2020-03-24</subfield>
    <subfield code="w">2014-02-11</subfield>
    <subfield code="y">BK</subfield>
  </datafield>
  <datafield tag="952" ind1=" " ind2=" ">
    <subfield code="0">0</subfield>
    <subfield code="1">0</subfield>
    <subfield code="2">ddc</subfield>
    <subfield code="4">0</subfield>
    <subfield code="7">0</subfield>
    <subfield code="a">MCE</subfield>
    <subfield code="b">MCE</subfield>
    <subfield code="d">2014-02-11</subfield>
    <subfield code="l">0</subfield>
    <subfield code="o">358.295491 PAK</subfield>
    <subfield code="p">MCE-22358</subfield>
    <subfield code="r">2014-02-11</subfield>
    <subfield code="w">2014-02-11</subfield>
    <subfield code="y">BK</subfield>
  </datafield>
  <datafield tag="952" ind1=" " ind2=" ">
    <subfield code="0">0</subfield>
    <subfield code="1">0</subfield>
    <subfield code="2">ddc</subfield>
    <subfield code="4">0</subfield>
    <subfield code="7">0</subfield>
    <subfield code="a">MCE</subfield>
    <subfield code="b">MCE</subfield>
    <subfield code="d">2020-12-09</subfield>
    <subfield code="l">1</subfield>
    <subfield code="o">358.295491 PAK</subfield>
    <subfield code="p">MCE-MCELIB01</subfield>
    <subfield code="r">2020-12-09</subfield>
    <subfield code="s">2020-12-09</subfield>
    <subfield code="w">2021-03-14</subfield>
    <subfield code="y">BK</subfield>
  </datafield>
</record>
